000 00717nam a2200253Ia 4500
003 OSt
005 20221005025130.0
006 a|||||r|||| 00| 0
007 ta
008 221004b |||||||| |||| 00| 0 ben d
020 _a9788182110724 (pbk)
024 _a19763
037 _bGift, 24/06/2015,
_cTextual
040 _aCRL
_cCRL
_bben
041 _2ben
_aben
082 _aO157,3NDA9,SA, Q1
100 _aDasgupta Sujan
_9581479
245 0 _aShantineekatne asahanti
260 _aCalcutta
_bDey's Pub. India
_c2011
300 _a130p.
_ccm.
650 _aBENGALI LITERATURE
942 _hO157,3NDA9,SA, Q1
_cTEXL
_2cc
999 _c934160
_d934160